Differential forms in algebraic topology
Αποθηκεύτηκε σε:
| Κύριος συγγραφέας: | |
|---|---|
| Άλλοι συγγραφείς: | |
| Μορφή: | Βιβλίο |
| Γλώσσα: | English |
| Δημοσίευση: |
New York :
Springer-Verlag,
c1982
|
| Σειρά: | Graduate texts in mathematics ;
; 82 |
| Θέματα: | |
| Ετικέτες: |
Προσθήκη ετικέτας
Δεν υπάρχουν, Καταχωρήστε ετικέτα πρώτοι!
|
MARC
| LEADER | 00000cam a2200000 i 4500 | ||
|---|---|---|---|
| 001 | 1/30793 | ||
| 008 | 941103s1982 eng d | ||
| 020 | |a 0387906134 | ||
| 035 | |l 10038661 | ||
| 035 | |a 1991 |c ΑΝΟΥΣΗΣ | ||
| 035 | |a 1992 |c ΤΣΑΠΟΓΑΣ | ||
| 040 | |a GR-MY-UA |b gre |e aacr | ||
| 041 | 0 | |a eng | |
| 082 | 0 | |a 514.72 |2 (19) | |
| 100 | 1 | |a Bott, Raoul |d 1923- | |
| 245 | 1 | 0 | |a Differential forms in algebraic topology / |c Raoul Bott, Loring W. Tu |
| 260 | |a New York : |b Springer-Verlag, |c c1982 | ||
| 300 | |a xiv, 331 p.; |b ill.; |c 25 cm | ||
| 490 | 1 | |a Graduate texts in mathematics |v ; 82 | |
| 500 | |a Includes index | ||
| 504 | |a Bibliography: p. 307-310 | ||
| 650 | 0 | 0 | |a Differential topology. |
| 650 | 0 | 0 | |a Algebraic topology. |
| 650 | 0 | 0 | |a Differential forms. |
| 700 | 1 | |a Tu, Loring W. | |
| 830 | 0 | |a Graduate texts in mathematics ; |v ; 82 | |
| 852 | |a INST |b SAMOS |e 19941103 |h 514.72 BOT |p 005300002763 |q 005300002763 |t BK |y 0 | ||
| 852 | |a INST |b SAMOS |e 19941103 |h 514.72 BOT |p 005300004325 |q 005300004325 |t BK |y 0 | ||
| 909 | |a Σ |b 021044 | ||
| 909 | |a Σ |b 021354 | ||